Мэшап "Гордость и Предубеждение и Зомби": новая литературная тенденция или литературный вандализм?; Молодой ученый; № 7

Библиографические подробности
Источник:Молодой ученый: ежемесячный научный журнал.— , 2008-
№ 7.— 2012.— [С. 186-189]
Главный автор: Шнайдер Е. Э. Екатерина Эдуардовна
Другие авторы: Гредина И. В. Ирина Валерьевна
Примечания:Заглавие с экрана
Режим доступа: по договору с организацией-держателем ресурса
Язык:русский
Опубликовано: 2012
Серии:Филология
Предметы:
Online-ссылка:http://elibrary.ru/item.asp?id=17892323
http://www.moluch.ru/archive/42/5124/
Формат: MixedMaterials Электронный ресурс Статья
Запись в KOHA:https://koha.lib.tpu.ru/cgi-bin/koha/opac-detail.pl?biblionumber=642285

MARC

LEADER 00000nla0a2200000 4500
001 642285
005 20250128142747.0
035 |a (RuTPU)RU\TPU\network\7224 
035 |a RU\TPU\network\7217 
090 |a 642285 
100 |a 20150618d2012 k||y0rusy50 ca 
101 0 |a rus 
102 |a RU 
135 |a drcn ---uucaa 
181 0 |a i  
182 0 |a b 
200 1 |a Мэшап "Гордость и Предубеждение и Зомби": новая литературная тенденция или литературный вандализм?  |f Е. Э. Шнайдер, И. В. Гредина 
203 |a Текст  |c электронный 
225 1 |a Филология 
300 |a Заглавие с экрана 
320 |a [Библиогр.: с. 189 (6 назв.)] 
333 |a Режим доступа: по договору с организацией-держателем ресурса 
461 |t Молодой ученый  |o ежемесячный научный журнал  |d 2008- 
463 |t № 7  |v [С. 186-189]  |d 2012 
610 1 |a электронный ресурс 
610 1 |a труды учёных ТПУ 
610 1 |a литература 
610 1 |a классика 
610 1 |a вандализм 
610 1 |a культура 
610 1 |a ирония 
700 1 |a Шнайдер  |b Е. Э.  |g Екатерина Эдуардовна 
701 1 |a Гредина  |b И. В.  |c лингвист  |c доцент Томского политехнического университета, кандидат филологических наук  |f 1949-  |g Ирина Валерьевна  |3 (RuTPU)RU\TPU\pers\27103 
801 2 |a RU  |b 63413507  |c 20150618  |g RCR 
856 4 0 |u http://elibrary.ru/item.asp?id=17892323 
856 4 0 |u http://www.moluch.ru/archive/42/5124/ 
942 |c CF